Ley general de educación y financiamiento de la reforma educativa y disposiciones complementarias.

Guardado en:
Bibliografiske detaljer
Institution som forfatter: España, Ministerio de Educación
Format: Bog
Sprog:spansk
Serier:(Boletin oficial del estado)
Fag:
Tags: Tilføj Tag
Ingen Tags, Vær først til at tagge denne postø!

MARC

LEADER 00000cam^a2200000uu^4500
001 000490740
005 20250521000000.0
008 050901s1972^^^^^^^^^^^^rl^r^^000^0^spa^d
009 20260310125402.224
035 |a FCE 000033956 
035 |a FCE 002001 
037 |a Acervo ITESO - Biblioteca 
041 |a spa 
082 0 4 |a 379.91  |b E578l 
110 |a España,  |b Ministerio de Educación 
245 1 0 |a Ley general de educación y financiamiento de la reforma educativa y disposiciones complementarias. 
264 |a Madrid :  |b Ministerio de Educación,  |c 1972. 
300 |a 1361 p. 
336 |a texto  |b txt  |2 rdacontenido 
337 |a sin mediación  |b n  |2 rdamedio 
338 |a volumen  |b nc  |2 rdasoporte 
440 0 |a (Boletin oficial del estado) 
649 |a XX 
650 |a Financiamiento educativo 
650 |a Legislación de la educación 
650 |a Reforma de la educación 
650 |a España 
910 |a Fondo Centro de Estudios Educativos 
920 |a Impresos - Libros 
930 |a Fondos Especiales 
905 |a 133 
901 |a ALE002001  |b IT2  |c CEE  |u 20250521 
902 |a https://opac.biblio.iteso.mx/vufind/Record/000490740